000 00479nam a2200193Ia 4500
005 20240823050521.0
008 240823s9999||||xx |||||||||||||| ||und||
020 _a978-81-8371-179-1
041 _aENGLISH
082 _A621384165 Q3
100 _aBehera G K
245 0 _aMobile Communication
250 _a1st
260 _c2013
_b"Scitech Publications,Ch"
500 _aYES
650 _aMobile communications
_bElectronics
700 _a Lopamudra Das
942 _cBK
999 _c217440
_d217440